000
00340nam a2200145Ia 4500
008
150201s2005 xx 000 0 und d
082
_a
610
_b
C05F
100
_a
FINK,MR
245
_a
TB OF CRITICAL CARE
250
_a
5TH
260
_b
ELSVIER
_a
PHILADELPHIA
_c
2005
300
_a
1-2358
650
_a
MEDICINE AND DIAGNOSIS
942
_2
ddc
_c
BK
999
_c
412
_d
412